| 000 | 00908nam a2200265 i 4500 | ||
|---|---|---|---|
| 001 | 66430 | ||
| 003 | ES-MaACL | ||
| 005 | 20250716081417.0 | ||
| 007 | t| | ||
| 008 | 030411s2002 sp |||| | spa d | ||
| 020 | _a84-493-1267-1 | ||
| 080 | _a821.133.1.09"18/19" | ||
| 100 | 1 |
_aBarthes, Roland. _926125 |
|
| 245 | 1 | 0 |
_aVariaciones sobre la literatura / _cRoland Barthes ; [selección y traducción de Enrique Folch González]. |
| 260 |
_aBarcelona : _bPaidós, _c[2002] |
||
| 300 |
_a280 p ; _c22 cm. |
||
| 490 | 1 |
_aPaidós comunicación ; _v136 |
|
| 504 | _aBibliografía: p. [277]-280. | ||
| 650 | 4 |
_aLiteratura francesa- _yS.XIX- _xHistoria y crítica _914589 |
|
| 650 | 4 |
_aLiteratura francesa- _yS.XX- _xHistoria y crítica. _914593 |
|
| 700 | 1 |
_aFolch Fernández, Enrique. _951446 |
|
| 830 | 0 |
_aPaidós comunicación ; _v136 _9177927 |
|
| 852 |
_aES-MaACL _jL-26908 |
||
| 999 |
_c66430 _d66430 |
||